Normal view
MARC view
Entry Personal Name
001 - CONTROL NUMBER
- control field: 1005
003 - CONTROL NUMBER IDENTIFIER
- control field: OSt
005 - DATE AND TIME OF LATEST TRANSACTION
- control field: 20230314134945.0
008 - FIXED-LENGTH DATA ELEMENTS
- fixed length control field: 230314|| aca||aabn | a|a d
040 ## - CATALOGING SOURCE
- Original cataloging agency: OSt
- Transcribing agency: OSt
100 ## - HEADING--PERSONAL NAME
- Personal name: Bimpong - Buta, S.Y
670 ## - SOURCE DATA FOUND
- Source citation: Work cat.: (OSt): The Supreme Court of Ghana law reports 2015-2016 volume 2 : cases determined by the Supreme Court of the Republic of Ghana / , 2015-2016.
